000 01307cam a2200313 i 4500
003 SA-RiAUC
005 20250617073314.0
008 250604s1983 su a g 00000 ara c
040 _aKFU
_bara
_cSA-RiAUC
_erda
043 _aa-su---
050 4 _b.A23 1983
082 0 4 _a370.9531
_qSA-RiAUC
090 _a370.9531
_b ع ب د و
100 1 _aعبد الواسع، عبد الوهاب أحمد،
_d1348 هجري-
_eمؤلف.
245 1 2 _aالتعليم في المملكة العربية السعودية بين واقع حاضره واستشراف مستقبله /
_cعبد الوهاب أحمد عبد الواسع.
250 _aالطبعة الثانية.
264 1 _aجدة، السعودية :
_bتهامة،
_c1983
300 _a255 صفحة :
_bجداول ؛
_c24 × 17 سم.
336 _aنص
_btxt
_2rdacontent
_3كتاب
337 _aبدون وسيط
_bn
_2rdamedia
338 _aمجلد
_bnc
_2rdacarrier
490 1 _aالكتاب العربي السعودي ؛
_v79
650 7 _aالتعليم
_zالسعودية
_xتاريخ
_2aucsh
650 7 _aالتعليم
_zالسعودية
_xاستشراف
_2aucsh
830 2 _aالكتاب العربي السعودي
_v79
942 _2ddc
_cBOOK
_n0
949 _aSA-JeALM
_d250604
_uosman123
_n1
999 _c9082
_d9082